ბათუმის შოთა რუსთაველის სახელმწიფო უნივერსიტეტის ბიბლიოთეკა

ფუტკრის ბიოლოგია და მოვლა-პატრონობა. (ბიბ.ჩანაწერი № 35434)

000 -LEADER
fixed length control field 00740nam a2200229Ia 4500
001 - CONTROL NUMBER
control field 1292
003 - CONTROL NUMBER IDENTIFIER
control field GE_BSU
008 - FIXED-LENGTH DATA ELEMENTS--GENERAL INFORMATION
fixed length control field 181216s||||||||xx |||||||||||||| ||und||
020 ## - INTERNATIONAL STANDARD BOOK NUMBER
International Standard Book Number 9789941028814
040 ## - CATALOGING SOURCE
Transcribing agency GE_BSU
080 ## - UNIVERSAL DECIMAL CLASSIFICATION NUMBER
Universal Decimal Classification number 638.1
100 ## - MAIN ENTRY--PERSONAL NAME
Personal name სტეფანიშვილი, ვენერა.
245 ## - TITLE STATEMENT
Title ფუტკრის ბიოლოგია და მოვლა-პატრონობა.
245 ## - TITLE STATEMENT
Statement of responsibility, etc. რედ: ბუდუ მურუსიძე.
260 ## - PUBLICATION, DISTRIBUTION, ETC.
Place of publication, distribution, etc. თბილისი
260 ## - PUBLICATION, DISTRIBUTION, ETC.
Name of publisher, distributor, etc. პოლიგრაფისტი
260 ## - PUBLICATION, DISTRIBUTION, ETC.
Date of publication, distribution, etc. 2010
300 ## - PHYSICAL DESCRIPTION
Extent 530 გვ. ილ. 20 სმ.
653 ## - INDEX TERM--UNCONTROLLED
Uncontrolled term ფუტკრის ბიოლოგია.
942 ## - ADDED ENTRY ELEMENTS (KOHA)
Koha item type წიგნი
ეგზემპლარები
Withdrawn status Lost status Damaged status Not for loan Date acquired Barcode Date last seen Price effective from Koha item type
        2018-12-17 2752 2018-12-17 2018-12-17 წიგნი